| 000 | 01400cam a2200361 a 4500 | ||
|---|---|---|---|
| 001 | EDZ0000072074 | ||
| 003 | StDuBDS | ||
| 005 | 20161031105146.0 | ||
| 006 | m||||||||d|||||||| | ||
| 007 | cr ||||||||||| | ||
| 008 | 120412s2006 enk fo| 001|0|eng d | ||
| 020 |
_a9781446212462 (ebook) : _cNo price |
||
| 040 |
_aStDuBDS _beng _cStDuBDS _epn |
||
| 049 | _aAlfaisal Main Library | ||
| 050 | 4 | _aHF5415 | |
| 082 | 0 | 4 |
_a658.8 _223 |
| 100 | 1 | _aBlythe, Jim. | |
| 245 | 1 | 0 |
_aMarketing _h[electronic resource] / _cJim Blythe. |
| 260 |
_aLondon : _bSAGE, _cc2006. |
||
| 300 | _a1 online resource (vi, 184 p.). | ||
| 490 | 1 | _aSAGE course companions | |
| 504 | _aIncludes bibliographical references and index. | ||
| 520 | 8 | _aDesigned to complement existing textbooks, this volume on marketing provides easy access to the key themes, summaries of the approach taken by the main course textbooks, guidance on the essential study skills required to pass the course, and sample exam questions and answers. | |
| 521 | _aSpecialized. | ||
| 588 | _aDescription based on print version record. | ||
| 650 | 0 |
_aMarketing _vTextbooks. |
|
| 655 | 7 |
_aElectronic books. _2local |
|
| 710 | 2 | _aSage eBooks | |
| 776 | 0 | 8 |
_iPrint version : _z9781412910347 |
| 830 | 0 | _aSAGE course companions. | |
| 856 | 4 | 0 | _uhttp://ezproxy.alfaisal.edu/login?url=http://sk.sagepub.com/books/marketing |
| 942 |
_2lcc _cEBOOKS |
||
| 999 |
_c480605 _d480605 |
||